<?xml version="1.0" encoding="UTF-8"?><?xml-stylesheet type="text/xsl" href="static/style.xsl"?><OAI-PMH xmlns="http://www.openarchives.org/OAI/2.0/" xmlns:xsi="http://www.w3.org/2001/XMLSchema-instance" xsi:schemaLocation="http://www.openarchives.org/OAI/2.0/ http://www.openarchives.org/OAI/2.0/OAI-PMH.xsd"><responseDate>2026-04-17T10:36:12Z</responseDate><request verb="GetRecord" identifier="oai:www.recercat.cat:2445/175414" metadataPrefix="marc">https://recercat.cat/oai/request</request><GetRecord><record><header><identifier>oai:recercat.cat:2445/175414</identifier><datestamp>2025-12-05T14:09:32Z</datestamp><setSpec>com_2072_1057</setSpec><setSpec>col_2072_478815</setSpec><setSpec>col_2072_478917</setSpec></header><metadata><record xmlns="http://www.loc.gov/MARC21/slim" xmlns:dcterms="http://purl.org/dc/terms/" xmlns:xsi="http://www.w3.org/2001/XMLSchema-instance" xmlns:doc="http://www.lyncode.com/xoai" xsi:schemaLocation="http://www.loc.gov/MARC21/slim http://www.loc.gov/standards/marcxml/schema/MARC21slim.xsd">
   <leader>00925njm 22002777a 4500</leader>
   <datafield ind2=" " ind1=" " tag="042">
      <subfield code="a">dc</subfield>
   </datafield>
   <datafield ind2=" " ind1=" " tag="720">
      <subfield code="a">Curutchet Barat, Carles E.</subfield>
      <subfield code="e">author</subfield>
   </datafield>
   <datafield ind2=" " ind1=" " tag="720">
      <subfield code="a">Voityuk, Alexander A.</subfield>
      <subfield code="e">author</subfield>
   </datafield>
   <datafield ind2=" " ind1=" " tag="260">
      <subfield code="c">2021-03-19T10:49:59Z</subfield>
   </datafield>
   <datafield ind2=" " ind1=" " tag="260">
      <subfield code="c">2021-03-19T10:49:59Z</subfield>
   </datafield>
   <datafield ind2=" " ind1=" " tag="260">
      <subfield code="c">2012-10-25</subfield>
   </datafield>
   <datafield ind2=" " ind1=" " tag="260">
      <subfield code="c">2021-03-19T10:49:59Z</subfield>
   </datafield>
   <datafield ind2=" " ind1=" " tag="520">
      <subfield code="a">The possibility to optimize optoelectronic devices, such as organic light-emitting diodes or solar cells, by exploiting the special characteristics of triplet electronic states and their migration ability is attracting increased attention. In this study, we analyze how an intervening solvent modifies the distance dependence of triplet electronic energy transfer (TEET) processes by combining molecular dynamics simulations with quantum chemical calculations of the transfer matrix elements using the Fragment Excitation Difference (FED) method. We determine the β parameter characterizing the exponential distance decay of TEET rates in a stacked perylene dimer in water, chloroform, and benzene solutions. Our results indicate that the solvent dependence of β (βvacuum = 5.14 Å-1 > βwater = 3.77 Å-1 > βchloroform = 3.61 Å-1 > βbenzene = 3.44 Å-1) can be rationalized adopting the McConnell model of superexchange, where smaller triplet energy differences between the donor and the solvent lead to smaller β constants. We also estimate the decay of hole transfer (HT) and excess electron transfer (EET) processes in the system using the Fragment Charge Difference (FCD) method and find that βTEET can be reasonably well approximated by the sum of βEET and βHT constants.</subfield>
   </datafield>
   <datafield tag="653" ind2=" " ind1=" ">
      <subfield code="a">Dinàmica molecular</subfield>
   </datafield>
   <datafield tag="653" ind2=" " ind1=" ">
      <subfield code="a">Transferència d'energia</subfield>
   </datafield>
   <datafield tag="653" ind2=" " ind1=" ">
      <subfield code="a">Dissolvents</subfield>
   </datafield>
   <datafield tag="653" ind2=" " ind1=" ">
      <subfield code="a">Química quàntica</subfield>
   </datafield>
   <datafield tag="653" ind2=" " ind1=" ">
      <subfield code="a">Molecular dynamics</subfield>
   </datafield>
   <datafield tag="653" ind2=" " ind1=" ">
      <subfield code="a">Energy transfer</subfield>
   </datafield>
   <datafield tag="653" ind2=" " ind1=" ">
      <subfield code="a">Solvents</subfield>
   </datafield>
   <datafield tag="653" ind2=" " ind1=" ">
      <subfield code="a">Quantum chemistry</subfield>
   </datafield>
   <datafield ind2="0" ind1="0" tag="245">
      <subfield code="a">Distance dependence of triplet energy transfer in water and organic solvents: A QM/MD study</subfield>
   </datafield>
</record></metadata></record></GetRecord></OAI-PMH>